Ilustrovaný atlas světové historie

Bibliographic Details
Main Author: Miles, Lisa (Author)
Other Authors: Drápalíková, Jana (Translator)
Format: Book
Language:Czech
English
PhysicalDescription:94 s. fareb. ilustr., mp. 31 cm
Published: Praha Svojtka & Co. 2001
ISBN:8072374311
Edition:2. čes. vyd.
Subjects:

MARC

LEADER 00000nam a2200000 a 4500
001 vtls001483442
003 SK-MaSNL
005 20260302073705.0
008 240313s2001 xr jab j 001 0dcze
020 |a 8072374311  |q (viaz.) 
035 |a SNK000438737 
035 |a urn:nbn:sk:snk-amlupb 
035 |a urn:nbn:sk:snk-am00cdn2 
035 |a 39B05518-968B-47A2-B54A-102A74570C79 
040 |a SNK  |b slo  |c SNK  |e AACR2 
041 1 |a cze  |h eng 
044 |a xr  |c CZ 
072 7 |a 94(100)  |x Svetové dejiny  |2 konspekt 
080 |a 94(100)  |2 MDT-MRF 
080 |a (0.053.2)  |2 MDT-MRF 
080 |a (084.4)  |2 MDT-MRF 
100 1 |a Miles, Lisa  |4 aut  |9 12688 
240 1 0 |a Atlas of World history  |l Česky 
245 1 0 |a Ilustrovaný atlas světové historie  |c Lisa Milesová ; [přeložila Jana Drápalíková] 
250 |a 2. čes. vyd. 
260 |a Praha  |b Svojtka & Co.  |c 2001  |e [Martin  |f Neografia] 
300 |a 94 s.  |b fareb. ilustr., mp.  |c 31 cm 
650 0 7 |a svetové dejiny  |2 SNKPH  |9 4037 
655 7 |a atlasy  |2 SNKPH  |9 70424 
655 7 |a prehľady  |2 SNKPH  |9 70194 
655 7 |a publikácie pre mládež  |2 SNKPH  |9 70434 
700 1 |a Drápalíková, Jana  |4 trl  |9 363082 
919 |a 80-7237-431-1 
958 |a OND 
999 |c 1161968  |d 1163898 
952 |t P60, <03>, [BOOK], {603}, -K-  |a SNK  |b SNK  |y PREZ  |7 0  |p 17A0443573  |o snkSB 69400  |i snkD 1166/2004  |8 1  |0 0  |1 0  |4 0  |d 2004-10-13  |f 1  |l 0  |r 2025-04-23 00:00:00  |w 2026-02-24